000 01657cam a2200457 i 4500
001 xx001117215
003 NUKAT
005 20260416194632.0
008 080509s1884 pl |000 0bpol c
035 _a(OCoLC)749847187
035 _a(NUKAT)xx001117215
040 _aTOR U/KC
_cTOR U/KC
_dTOR U/LF
_dWA U/WBs
_dGD U/Doro
041 0 _apol
_alat
099 _ahh_641385
100 1 _aMorawski, Kazimierz
_d(1852-1925).
_97349
245 1 0 _aAndrzéj Patrycy Nidecki :
_bjego życie i dzieła.
_nCz. 1,
_p(1522-1572) /
_cprzedstawił Kazimierz Morawski.
260 _aKraków :
_bAkademia Umiejętności,
_c1884
_e(Kraków :
_fw drukarni Uniwersytetu Jagiellońskiego).
300 _a[6], VIII, 216 s. ;
_c22 cm.
336 _aTekst
_btxt
_2rdacontent
337 _aBez urządzenia pośredniczącego
_bn
_2rdamedia
338 _aWolumin
_bnc
_2rdacarrier
380 _aKsiążki
510 4 _aEstr.
_cT. 3, cz. 4 s. 202
530 _aDostępne również w formie elektronicznej.
546 _aZawiera teksty łac.
600 1 7 _aNidecki, Andrzej Patrycy
_d(1522-1587)
_2DBN
_940199
600 1 7 _aNidecki, Andrzej Patrycy
_d(1522-1587).
_2kaba
_940200
648 7 _a1501-1600
_2DBN
_936032
650 7 _aDuchowieństwo katolickie
_2DBN
_935375
650 7 _aFilologia klasyczna
_2DBN
_940201
650 7 _aHumanizm (prąd)
_2DBN
_939737
651 7 _aPolska
_2DBN
_935076
655 7 _aBiografia
_2DBN
_935059
658 _aFilozofia i etyka
658 _aHistoria
658 _aJęzykoznawstwo
658 _aKultura i sztuka
658 _aReligia i duchowość
856 4 1 _uhttp://www.pbc.gda.pl/dlibra/docmetadata?id=73529
942 _2ddc
_cBK_NM
999 _c27624
_d27624